000 00904nam a2200253 i 4500
001 bg
245 0 0 _aSynteza CO+CO~(2+H~(2 w suspensji katalizatora do metanolu wraz z inżynierią przemysłowego reaktora /
_cWłodzimierz Kotowski [et al.].
260 _aOpole :
_bOficyna Wydaw. PO,
_c1998.
300 _a221 s. :
_bfot., rys., wykr. ;
_c24 cm.
490 1 _aStudia i Monografie / Politechnika Opolska,
_x1429-6063 ;
_vz. 100
500 _aStreszcz. ang.
504 _aBibliogr. s. 216-221.
650 9 _aKatalizatory
_xbadanie
650 9 _aMetanol
_xtechnologia
650 9 _aTechnologia chemiczna organiczna
_xzagadnienia
650 9 _aZawiesiny
_xtechnologia
700 1 _aKOTOWSKI, Włodzimierz
830 0 _aStudia i Monografie (Politechnika Opolska) ;
_vz. 100
040 _cBPK
041 0 _apl
_ben
080 _a661.7:547
942 _cKS
008 s pl f |000 0 pol
999 _c34580
_d34580
856 _uhttp://koha.tu.koszalin.pl/cgi-bin/koha/opac-detail.pl?biblionumber=34580
_yKatalog online BPK